000 00365nam a2200133Ia 4500
005 20260328104335.0
008 260328s9999||||xx |||||||||||||| ||und||
100 _aBlair, Sean
245 0 _aMastering The Lego Serious Play Method; 44 Facilitation Techniques /
_cSean Blair
260 _bPromeet
300 _a179 p.
650 _aDISEÑO INDUSTRIAL
942 _cBK
999 _c11865
_d11865